The 1985 Highway Capacity Manual: an executive overview

Gespeichert in:
Bibliographische Detailangaben
Hauptverfasser: Roess, Roger P (VerfasserIn), McShane, William R (VerfasserIn)
Format: Buch
Sprache:Englisch
Veröffentlicht: Washington, D.C Institute of Transportation Engineers 1986
Schlagworte:
Tags: Tag hinzufügen
Keine Tags, Fügen Sie den ersten Tag hinzu!

MARC

LEADER 00000nam a2200000 a 4500
001 UCV4596
003 CL-VaPUC
008 890705e19860000US |||||||||||||||||eng|d
082 0 4 |a 388.314  |b ROE  |2 21 
100 0 |a Roess, Roger P  |e author  |9 298785 
700 0 |a McShane, William R  |e author  |9 298786 
245 1 4 |a The 1985 Highway Capacity Manual: an executive overview 
300 |a 32 p 
942 |c BK 
945 |d 19890705 00:00:00 
260 |a Washington, D.C  |b Institute of Transportation Engineers  |c 1986 
650 0 |a Carreteras  |9 260132 
650 0 |a Autopistas  |9 260813 
651 0 |a Estados Unidos  |9 255178 
583 |a last modification  |c 19890705 00:00:00  |k Rodrigo Vera 
999 |c 211333  |d 211331